000 01405nam a22003850a 4500
001 PT27607
003 AR-LpoUNG
005 20250226085415.0
008 201001s2007||||ag |||||||||||||||||spa d
020 _a9789879017685
_c$31,33
040 _aAR-LpoUNG
_bspa
_eaacr
041 1 _aspa
044 _aag
082 0 _a334.01 516eco
100 1 _aVeronese, Marília Veríssimo
_eorg.
245 1 0 _aEconomía solidaria y subjetividad
250 _a1ra. ed.
260 _aBuenos Aires :
_bUniversidad Nacional de General Sarmiento - Altamira,
_c2007.
300 _a191 p. :
_bil.
490 0 _aLecturas de Economía Social
520 _aTrabajos de autores brasileños enmarcados en la psicología social, de alcance teórico y/o etnográfico, que plantean como objeto de reflexión científica un problema crítico que experimentamos en las prácticas colectivas orientadas hacia la construcción de otra economía y de otra subjetividad.
650 4 _aAMERICA LATINA
650 4 _aARGENTINA
650 4 _aASPECTOS PSICOLOGICOS
650 4 _aASPECTOS SOCIALES
650 4 _aAUTOGESTION DE TRABAJADORES
650 4 _aCOOPERATIVAS
650 4 _aECONOMIA
650 4 _aESTUDIOS DE CASOS
650 4 _aMICROECONOMIA
653 0 _aECONOMIA SOLIDARIA
856 4 0 _uhttp://repositorio.ungs.edu.ar:8080/xmlui/handle/UNGS/953
_yTexto completo
905 _a27607
942 _cLIB
_2ddc
999 _c52015
_d52015